Caricamento...

Risk issues and crisis management

Dettagli Bibliografici
Autori principali: Michael regester, Judy larkin
Natura: Printed Book
Pubblicazione: New delhi Kogan page india ltd 2005
Edizione:Ed.3
Soggetti:
LEADER 00580nam a22001697a 4500
020 |a 0-7494-4530-0 
082 |a 658.4056  |b REG/R 
100 |a Michael regester  |9 172301 
100 |a Judy larkin  |9 172302 
245 |a Risk issues and crisis management 
250 |a Ed.3 
260 |a New delhi  |b Kogan page india ltd  |c 2005 
300 |a viii+236p. 
650 |a Risk issues and crisis management  |9 172303 
942 |c BK 
999 |c 189183  |d 189179 
952 |0 0  |1 0  |4 0  |6 658_405600000000000_REG_R  |7 0  |8 NFIC  |9 189422  |a SMBS  |b SMBS  |c GEN  |d 2015-07-29  |l 0  |o 658.4056 REG/R  |p SMBSS473  |r 2015-07-29  |w 2015-07-29  |y BBK